000
00245nam a2200097Ia 4500
001
1250648
005
20251031150900.0
008
251031s9999 xx 000 0 und d
245
0
_c
OĞUZ ATAY
_a
D-4 EYLEMBİLİM
260
_b
İLETİŞİM YAYINLARI
999
_c
1250648
_d
1250648